|
|
|
|
| LEADER |
00635nab a2200169 i 4500 |
| 001 |
misc22638 |
| 005 |
20191108150440.0 |
| 008 |
170907s1909 hu o 0|| zxx d |
| 040 |
|
|
|a SZTE Miscellanea Repozitórium
|b hun
|
| 041 |
|
|
|a zxx
|
| 100 |
1 |
|
|a Kováts Ferenc
|
| 245 |
1 |
2 |
|a A magyar népesség foglalkozása a főbb demográfiai adatokkal egybevetve
|h [elektronikus dokumentum] :
|b az 1900. évi népszámlálás alapján /
|c Kováts Ferenc
|
| 260 |
|
|
|c 1909
|
| 300 |
|
|
|a 1-19
|
| 490 |
0 |
|
|a Kolligátum
|
| 695 |
|
|
|a Demográfia, Statisztika - Magyarország
|
| 856 |
4 |
0 |
|u http://misc.bibl.u-szeged.hu/22638/1/15632_001-019.pdf
|z Dokumentum-elérés
|